[Event "Winnipeg TNT 2025.08"]
[Site "Winnipeg CAN"]
[Date "2025.08.12"]
[Round "2.5"]
[White "Wang, Lucas"]
[Black "Zhang, Ian"]
[Result "0-1"]
[WhiteElo "1859"]
[BlackElo "1766"]
[WhiteFideId "-1"]
[WhiteFideId "-1"]
[PlyCount "152"]
[GameId "2226111150561175"]
[EventDate "2025.08.05"]
[EventType "swiss"]
[EventRounds "4"]
[EventCountry "CAN"]

1. d4 d5 2. Bf4 Nf6 3. Nc3 e6 4. f3 c5 5. e4 cxd4 6. Nb5 Na6 7. Nxd4 Be7 8. Bd3 dxe4 9. fxe4 O-O 10. c3 Nc5 11. Ngf3 Nfxe4 12. Bxe4 Nxe4 13. Nb5 Qb6 14. Qe2 Nd6 15. Bxd6 Bxd6 16. O-O-O Bf4+ 17. Kb1 a6 18. Qe4 Qxb5 19. Qxf4 Qe8 20. Qc7 f6 21. Rd6 Qf7 22. Qb6 Qg6+ 23. Ka1 Qxg2 24. Rg1 Qxf3 25. Qc7 g5 26. Rgd1 e5 27. Qc4+ Kg7 28. Qc7+ Kg6 29. h4 h6 30. R6d3 Qc6 31. Qe7 Bf5 32. Rd6 Qf3 33. Rg1 Rae8 34. Rxf6+ Rxf6 35. Qxe8+ Rf7 36. hxg5 hxg5 37. Qg8+ Rg7 38. Qe8+ Kh7 39. Qxe5 Rd7 40. Qe1 Qe4 41. Qg3 Qd3 42. Rh1+ Kg6 43. Qg1 Be4 44. Qg4 Bxh1 45. Qe6+ Kh5 46. Qe8+ Kh4 47. Qe1+ Kg4 48. Qg1+ Kf5 49. Qc5+ Bd5 50. Qf8+ Ke6 51. Qh6+ Ke7 52. Qxg5+ Kd6 53. Qf4+ Kc6 54. Qh6+ Rd6 55. Qc1 Be4 56. b3 Qd1 57. Qxd1 Rxd1+ 58. Kb2 Rb1+ 59. Ka3 a5 60. Ka4 Kb6 61. b4 Bc2+ 62. Ka3 Ka6 63. b5+ Rxb5 64. c4 Rh5 65. Kb2 Rh2 66. Ka3 Bb1 67. Kb3 Bxa2+ 68. Kc3 b5 69. cxb5+ Kxb5 70. Kd3 Bc4+ 71. Kc3 a4 72. Kd4 a3 73. Kc3 a2 74. Kd4 a1=Q+ 75. Ke3 Qe5+ 76. Kf3 Be2# 0-1

[Event "Winnipeg TNT 2025.08"]
[Site "Winnipeg CAN"]
[Date "2025.08.12"]
[Round "2.6"]
[White "Klokow, John"]
[Black "Prince, Colin"]
[Result "0-1"]
[WhiteElo "1815"]
[BlackElo "1985"]
[WhiteFideId "-1"]
[WhiteFideId "-1"]
[PlyCount "112"]
[GameId "2226111150565272"]
[EventDate "2025.08.05"]
[EventType "swiss"]
[EventRounds "4"]
[EventCountry "CAN"]

1. e4 e5 2. Nf3 Nc6 3. Bc4 Nf6 4. d3 d5 5. exd5 Nxd5 6. Ng5 f6 7. Ne4 Be6 8. O-O Be7 9. a3 f5 10. Ng5 Bxg5 11. Qh5+ g6 12. Qxg5 Qd6 13. Re1 Bf7 14. Bxd5 Bxd5 15. Nc3 h6 16. Qg3 g5 17. f4 gxf4 18. Qxf4 O-O-O 19. Qf2 Rhg8 20. Nxd5 Qxd5 21. Qxf5+ Kb8 22. Qe4 Qc5+ 23. Be3 Qxc2 24. Red1 Nd4 25. Rd2 Qc5 26. Rf2 h5 27. Rc1 Qe7 28. Rc4 Rg4 29. Bf4 Nc6 30. Rxc6 bxc6 31. Qxe5 Qxe5 32. Bxe5 Rxd3 33. h3 Rxh3 34. Rf8+ Kb7 35. Rf7 Re3 36. Bxc7 Re2 37. Bg3+ Ka6 38. Bf2 c5 39. b3 Re5 40. b4 cxb4 41. Rxa7+ Kb5 42. a4+ Kc4 43. a5 b3 44. Rc7+ Kd3 45. a6 Rb5 46. Rd7+ Kc2 47. Rc7+ Kb1 48. a7 Ra5 49. Kf1 Ka2 50. Rc8 b2 51. a8=Q b1=Q+ 52. Be1 Qd3+ 53. Kg1 Rxa8 54. Rxa8+ Kb3 55. Rb8+ Kc2 56. Rc8+ Rc4 0-1

[Event "Winnipeg TNT 2025.08"]
[Site "Winnipeg CAN"]
[Date "2025.08.12"]
[Round "2.7"]
[White "Bonness, Will"]
[Black "Letain, Cory"]
[Result "1-0"]
[WhiteElo "1968"]
[BlackElo "1743"]
[WhiteFideId "-1"]
[WhiteFideId "-1"]
[PlyCount "77"]
[GameId "2226111150569369"]
[EventDate "2025.08.05"]
[EventType "swiss"]
[EventRounds "4"]
[EventCountry "CAN"]

1. e4 e6 2. d4 d5 {Opening: C00: French Defense, Main Line} 3. exd5 exd5 4. Nf3 Nf6 5. Bd3 c5 6. O-O Bg4 7. Re1+ Be7 8. dxc5 Qa5 9. c3 Qxc5 10. Be3 Qd6 11. Nbd2 Nbd7 12. h3 Bh5 13. Qb3 O-O 14. Nd4 Nc5 15. Qc2 Nxd3 16. Qxd3 Bg6 17. Nf5 Kh8 18. Nxd6 Bxd3 19. Nxb7 Rfb8 20. Bc5 Rxb7 21. Bxe7 Rxb2 22. Bxf6 Rxd2 23. Bd4 a6 24. Re7 Kg8 25. a4 Rb2 26. Rd7 Bc4 27. Re1 Ra2 28. Ree7 Rf8 29. Bc5 g6 30. Re3 Rxa4 31. Bxf8 Kxf8 32. Ree7 d4 33. cxd4 Ra1+ 34. Kh2 a5 35. d5 Bxd5 36. Re5 Bb3 37. Ra7 a4 38. Rb5 Bc4 39. Rb4 1-0

[Event "Winnipeg TNT 2025.08"]
[Site "Winnipeg CAN"]
[Date "2025.08.12"]
[Round "2.8"]
[White "Essery, Richard"]
[Black "Hui, Zelus"]
[Result "0-1"]
[WhiteElo "1486"]
[BlackElo "1751"]
[WhiteFideId "-1"]
[WhiteFideId "-1"]
[PlyCount "88"]
[GameId "2226111150569370"]
[EventDate "2025.08.05"]
[EventType "swiss"]
[EventRounds "4"]
[EventCountry "CAN"]

1. d4 e6 2. Bf4 f5 3. e3 Nf6 4. h3 Be7 5. Nf3 O-O 6. Nbd2 b6 7. c3 Bb7 8. Qc2 a5 9. Ne5 Ne4 10. Ndf3 d6 11. Nc4 Nd7 12. Ncd2 Ndf6 13. Bd3 Qe8 14. Rc1 a4 15. a3 c5 16. Nc4 b5 17. Nxd6 Bxd6 18. Bxd6 Nxd6 19. dxc5 Nde4 20. Nd4 Bc6 21. b4 Rb8 22. c4 bxc4 23. Bxc4 Bd5 24. b5 Bxc4 25. Qxc4 Nd5 26. Rg1 Qd7 27. f3 Nef6 28. c6 Qa7 29. Kf2 Rbc8 30. Rge1 Rfe8 31. e4 fxe4 32. fxe4 e5 33. exd5 Qxd4+ 34. Qxd4 exd4 35. d6 Ne4+ 36. Rxe4 Rxe4 37. d7 Rf8+ 38. Kg1 d3 39. c7 d2 40. c8=Q Re1+ 41. Kh2 dxc1=Q 42. Qxf8+ Kxf8 43. d8=Q+ Re8 44. Qd6+ Kg8 0-1

[Event "Winnipeg TNT 2025.08"]
[Site "Winnipeg CAN"]
[Date "2025.08.12"]
[Round "2.9"]
[White "Movahedipour, Mohammad"]
[Black "Trueman, Francis"]
[Result "1-0"]
[Annotator "aboro"]
[WhiteElo "1749"]
[BlackElo "1520"]
[WhiteFideId "-1"]
[WhiteFideId "-1"]
[PlyCount "31"]
[GameId "2226111150573467"]
[EventDate "2025.08.05"]
[EventType "swiss"]
[EventRounds "4"]
[EventCountry "CAN"]

1. e4 d6 2. Nf3 Nd7 3. d4 e5 4. Bc4 Be7 5. Nc3 Ngf6 6. Qe2 c6 7. Bd2 a5 8. a4 exd4 9. Nxd4 Nb6 10. O-O O-O 11. Rad1 Be6 12. Nxe6 fxe6 13. e5 Ne8 14. exd6 Nxd6 15. Bxe6+ Kh8 16. Bb3 {[%emt 0:00:28] White won in} 1-0

[Event "Winnipeg TNT 2025.08"]
[Site "Winnipeg CAN"]
[Date "2025.08.12"]
[Round "2.10"]
[White "Pacin, Ondrej"]
[Black "Curtis, Rory"]
[Result "0-1"]
[WhiteElo "1371"]
[BlackElo "1747"]
[WhiteFideId "-1"]
[WhiteFideId "-1"]
[PlyCount "64"]
[GameId "2226111150573468"]
[EventDate "2025.08.05"]
[EventType "swiss"]
[EventRounds "4"]
[EventCountry "CAN"]

1. e4 e5 2. Nf3 d6 3. Bc4 Be7 4. c3 Nf6 5. d3 O-O 6. Bb3 Bg4 7. h3 Bd7 8. Nbd2 c5 9. Qe2 Nc6 10. Nf1 b5 11. Ng3 a5 12. O-O a4 13. Bc2 b4 14. Bg5 Ne8 15. Bxe7 Qxe7 16. Qe3 g6 17. Nd2 Ng7 18. f4 f5 19. Rf2 exf4 20. Rxf4 g5 21. Rf3 f4 22. Qe2 fxg3 23. Rxg3 h6 24. Re3 Ne6 25. Qh5 Qg7 26. Nc4 Nf4 27. Qd1 bxc3 28. bxc3 Qxc3 29. Nb6 Rad8 30. Nxa4 Qd4 31. Qe1 Ne5 32. Rd1 Bxa4 0-1

[Event "Winnipeg TNT 2025.08"]
[Site "Winnipeg CAN"]
[Date "2025.08.12"]
[Round "2.12"]
[White "Ubaka, Michael"]
[Black "Gao, Yueheng"]
[Result "1-0"]
[WhiteElo "1704"]
[BlackElo "1426"]
[WhiteFideId "-1"]
[WhiteFideId "-1"]
[PlyCount "37"]
[GameId "2226111150585758"]
[EventDate "2025.08.05"]
[EventType "swiss"]
[EventRounds "4"]
[EventCountry "CAN"]

1. e4 e5 2. Nf3 Nc6 3. Bc4 Bc5 4. d3 Nf6 5. Bg5 h6 6. Bh4 d6 7. h3 Be6 8. Bb3 a6 9. c3 d5 10. O-O g5 11. Bg3 g4 12. Nxe5 Nxe5 13. Bxe5 gxh3 14. Qf3 Be7 15. exd5 hxg2 16. Re1 Ng4 17. dxe6 Nxe5 18. Rxe5 f6 19. Qh5+ 1-0

[Event "Winnipeg TNT 2025.08"]
[Site "Winnipeg CAN"]
[Date "2025.08.19"]
[Round "3.1"]
[White "Zhang, Ian"]
[Black "Protsyuk, Svitlana"]
[Result "0-1"]
[WhiteElo "1766"]
[BlackElo "2055"]
[WhiteFideId "-1"]
[WhiteFideId "-1"]
[PlyCount "82"]
[GameId "2226111150589855"]
[EventDate "2025.08.05"]
[EventType "swiss"]
[EventRounds "4"]
[EventCountry "CAN"]

1. e4 c5 2. Nc3 Nc6 3. f4 g6 4. Nf3 Bg7 5. Bc4 d6 6. d3 e6 7. O-O Nge7 8. Re1 O-O 9. h3 d5 10. exd5 exd5 11. Bb3 Na5 12. a3 Nxb3 13. cxb3 d4 14. Ne4 b6 15. Qe2 Nd5 16. Qf2 h6 17. Ng3 Ba6 18. Qc2 Qc7 19. Re4 f5 20. Re6 Kf7 21. Re1 Nxf4 22. Bxf4 Qxf4 23. Nf1 Qd6 24. b4 Bb7 25. N1h2 Rac8 26. Qa4 Rc7 27. bxc5 bxc5 28. Rac1 Bd5 29. Re2 Rb8 30. Qd1 c4 31. dxc4 Rxc4 32. Rd2 Rxc1 33. Qxc1 Bb3 34. Qf1 Rd8 35. Qd3 Qd5 36. Qa6 Rd7 37. Qd3 Bc4 38. Qc2 d3 39. Qd1 Bb3 40. Qf1 Bc2 41. Qc1 Qb3 0-1

[Event "Winnipeg TNT 2025.08"]
[Site "Winnipeg CAN"]
[Date "2025.08.19"]
[Round "3.2"]
[White "Punay, Rhailey"]
[Black "Kuryliw, Ray"]
[Result "1-0"]
[WhiteElo "1915"]
[BlackElo "1911"]
[WhiteFideId "-1"]
[WhiteFideId "-1"]
[PlyCount "51"]
[GameId "2226111150593952"]
[EventDate "2025.08.05"]
[EventType "swiss"]
[EventRounds "4"]
[EventCountry "CAN"]

1. e4 Nf6 2. e5 Nd5 3. c4 Nb6 4. d4 d6 5. f4 g6 6. Nc3 Bg7 7. Be3 O-O 8. Nf3 dxe5 9. fxe5 Be6 10. b3 Bg4 11. Be2 Nc6 12. O-O e6 13. h3 Bxf3 14. Bxf3 Rb8 15. Qd2 Ne7 16. Bg5 c6 17. Ne4 Nd7 18. g4 c5 19. Nf6+ Kh8 20. Qe1 cxd4 21. Nxh7 Kg8 22. Nf6+ Bxf6 23. exf6 Nc6 24. Bxc6 bxc6 25. Qh4 Qc7 26. Qh6 1-0

[Event "Winnipeg TNT 2025.08"]
[Site "Winnipeg CAN"]
[Date "2025.08.19"]
[Round "3.3"]
[White "Currie, James"]
[Black "Gres, Yakiv"]
[Result "0-1"]
[Annotator "aboro"]
[WhiteElo "1917"]
[BlackElo "2004"]
[WhiteFideId "-1"]
[WhiteFideId "-1"]
[PlyCount "86"]
[GameId "2226111150598049"]
[EventDate "2025.08.05"]
[EventType "swiss"]
[EventRounds "4"]
[EventCountry "CAN"]

1. g3 h5 2. h4 d5 3. d4 Bf5 4. Nh3 e6 5. Nf4 Nf6 6. Bg2 Nbd7 7. Nd2 Bd6 8. Nb3 c6 9. a4 Qe7 10. a5 e5 11. dxe5 Nxe5 12. Nd4 Bg4 13. O-O a6 14. f3 Bd7 15. e4 dxe4 16. fxe4 Nfg4 17. c3 O-O-O 18. b4 g5 19. hxg5 h4 20. gxh4 Rxh4 21. Nf3 Nxf3+ 22. Bxf3 Rdh8 23. Bg2 Rh2 24. Qf3 Bc5+ 25. bxc5 Qxc5+ 26. Rf2 Nxf2 27. Qxf2 Rh1+ 28. Bxh1 Rxh1+ 29. Kxh1 Qxf2 30. Ng2 Bh3 31. Ne3 Kd7 32. Bd2 Ke6 33. Ra2 Qg3 34. Rb2 Ke5 35. Rxb7 Be6 36. Rb4 Qf2 37. Rb2 Kxe4 38. c4 Kf3 39. Rb3 Qh4+ 40. Kg1 Ke2 41. Ng2 Qf2+ 42. Kh2 Bxc4 43. Rb4 Kf3 0-1

[Event "Winnipeg TNT 2025.08"]
[Site "Winnipeg CAN"]
[Date "2025.08.19"]
[Round "3.4"]
[White "Prince, Colin"]
[Black "Rutter, Blair"]
[Result "1-0"]
[WhiteElo "1985"]
[BlackElo "1930"]
[WhiteFideId "-1"]
[WhiteFideId "-1"]
[PlyCount "77"]
[GameId "2226111150598050"]
[EventDate "2025.08.05"]
[EventType "swiss"]
[EventRounds "4"]
[EventCountry "CAN"]

1. e4 d6 2. Nf3 e5 3. d4 Nd7 4. Bc4 Be7 5. Be3 Ngf6 6. Nbd2 O-O 7. h3 b6 8. c3 Bb7 9. Qc2 c5 10. O-O Rc8 11. Qd3 cxd4 12. cxd4 exd4 13. Bxd4 Nc5 14. Bxc5 dxc5 15. Qe3 h6 16. e5 Nd5 17. Qe4 Rc7 18. Bd3 g6 19. Qg4 Bc8 20. Qg3 Kh7 21. Rad1 Be6 22. h4 Rg8 23. Ne4 Rd7 24. a3 Kg7 25. Bb5 Rc7 26. Rd2 Qa8 27. Rfd1 Rd8 28. h5 Bf5 29. Nf6 Be6 30. hxg6 fxg6 31. Bc4 Rcd7 32. Nh4 g5 33. Qd3 Nf4 34. Qh7+ Kf8 35. Qxh6+ Kf7 36. Qh7+ Kf8 37. Rxd7 Rxd7 38. Rxd7 Bxf6 39. exf6 1-0

[Event "Winnipeg TNT 2025.08"]
[Site "Winnipeg CAN"]
[Date "2025.08.19"]
[Round "3.5"]
[White "Bilugan, Mason"]
[Black "Kowal, Ken"]
[Result "0-1"]
[WhiteElo "1954"]
[BlackElo "1903"]
[WhiteFideId "-1"]
[WhiteFideId "-1"]
[PlyCount "46"]
[GameId "2226111150598051"]
[EventDate "2025.08.05"]
[EventType "swiss"]
[EventRounds "4"]
[EventCountry "CAN"]

1. e4 d6 2. d4 Nf6 3. Nc3 g6 4. Bg5 Bg7 5. e5 Nfd7 6. exd6 cxd6 7. Qd2 h6 8. Be3 Nc6 9. O-O-O a6 10. h4 b5 11. h5 g5 12. Re1 Qa5 13. Kb1 Nf6 14. d5 Ne5 15. f4 gxf4 16. Bxf4 Nfd7 17. Nf3 Bb7 18. a3 Nxf3 19. gxf3 Rc8 20. Re4 Rxc3 21. bxc3 Bxc3 22. Qe2 Qxa3 23. Bc1 Qa1# 0-1

[Event "Winnipeg TNT 2025.08"]
[Site "Winnipeg CAN"]
[Date "2025.08.19"]
[Round "3.6"]
[White "Atem, James"]
[Black "Bonness, Will"]
[Result "1-0"]
[WhiteElo "1816"]
[BlackElo "1968"]
[WhiteFideId "-1"]
[WhiteFideId "-1"]
[PlyCount "75"]
[GameId "2226111150598052"]
[EventDate "2025.08.05"]
[EventType "swiss"]
[EventRounds "4"]
[EventCountry "CAN"]

1. e4 d5 2. e5 c5 3. Nf3 Nc6 4. Bb5 Bd7 5. Qe2 e6 6. c3 Nge7 7. O-O Nf5 8. g3 Qc7 9. Bd3 Nfe7 10. Bc2 Ng6 11. d4 cxd4 12. cxd4 Nb4 13. Bb3 Be7 14. Nc3 a6 15. a3 Nc6 16. Bc2 Na7 17. Bd3 Nc6 18. Be3 b5 19. Na2 O-O 20. Rfc1 Qb7 21. b4 Na7 22. h4 Rfc8 23. Bg5 Rxc1+ 24. Rxc1 Bxg5 25. Nxg5 h6 26. Nxf7 Kxf7 27. Qh5 Kf8 28. Qxg6 Nc6 29. Qg4 Qb6 30. Rc5 Ne7 31. Bh7 Be8 32. h5 g5 33. hxg6 Kg7 34. Qh4 Nxg6 35. Bxg6 Kxg6 36. Qf6+ Kh5 37. Kg2 Ra7 38. f3 1-0

[Event "Winnipeg TNT 2025.08"]
[Site "Winnipeg CAN"]
[Date "2025.08.19"]
[Round "3.7"]
[White "Hui, Zelus"]
[Black "Wang, Lucas"]
[Result "0-1"]
[WhiteElo "1751"]
[BlackElo "1859"]
[WhiteFideId "-1"]
[WhiteFideId "-1"]
[PlyCount "54"]
[GameId "2226111150598053"]
[EventDate "2025.08.05"]
[EventType "swiss"]
[EventRounds "4"]
[EventCountry "CAN"]

1. c4 Nf6 2. g3 e6 3. Bg2 d5 4. Nc3 c6 5. cxd5 exd5 6. d4 Bf5 7. Nf3 Bd6 8. O-O O-O 9. Bg5 Nbd7 10. Re1 h6 11. Be3 Re8 12. h3 Bxg3 13. Bxh6 Bxf2+ 14. Kxf2 gxh6 15. Qd2 Ne4+ 16. Nxe4 dxe4 17. Qxh6 exf3 18. Bxf3 Qf6 19. Rg1+ Bg6 20. Rxg6+ fxg6 21. Rg1 Nf8 22. d5 Re7 23. Rg4 Rae8 24. Rf4 Qg7 25. Qg5 Re5 26. Qg2 Qh6 27. Rg4 Kh7 0-1

[Event "Winnipeg TNT 2025.08"]
[Site "Winnipeg CAN"]
[Date "2025.08.19"]
[Round "3.8"]
[White "Curtis, Rory"]
[Black "Kim, Sunyo"]
[Result "1/2-1/2"]
[WhiteElo "1747"]
[BlackElo "1784"]
[WhiteFideId "-1"]
[WhiteFideId "-1"]
[PlyCount "137"]
[GameId "2226111150602150"]
[EventDate "2025.08.05"]
[EventType "swiss"]
[EventRounds "4"]
[EventCountry "CAN"]

1. d4 d5 2. c4 e6 3. cxd5 exd5 4. Nc3 Nc6 5. Nf3 Nf6 6. Bf4 Bd6 7. Bg5 Be7 8. e3 O-O 9. Rc1 h6 10. Bh4 Bf5 11. Be2 a6 12. O-O Rc8 13. Re1 Ne4 14. Bxe7 Nxe7 15. Ne5 Ng6 16. Bg4 Bxg4 17. Nxg4 Nxc3 18. Rxc3 Qg5 19. f4 Qf5 20. Nf2 Rfe8 21. Qb3 Nxf4 22. e4 dxe4 23. Rce3 Qd5 24. Qxd5 Nxd5 25. Rxe4 Rxe4 26. Rxe4 Kf8 27. Nd3 Re8 28. Ne5 f6 29. Nd7+ Kf7 30. Rxe8 Kxe8 31. Nc5 Nb4 32. a3 Nc6 33. d5 Nd8 34. Kf2 a5 35. Ke3 Ke7 36. Kd4 b6 37. Ne4 Nf7 38. Ng3 Nd6 39. Ne2 Nf5+ 40. Ke4 g6 41. Nf4 Nd6+ 42. Kd4 g5 43. Nd3 h5 44. a4 Nf5+ 45. Ke4 Ng7 46. g3 Kd6 47. h4 gxh4 48. gxh4 c6 49. dxc6 Kxc6 50. Kd4 Nf5+ 51. Kc4 Nxh4 52. Nf4 f5 53. Nxh5 Nf3 54. Nf4 Nd2+ 55. Kd4 Nb3+ 56. Kc4 Nc5 57. b3 Nd7 58. Nd5 Kd6 59. Kd4 Nc5 60. Nxb6 Nxb3+ 61. Kc4 Kc6 62. Nd5 Nd2+ 63. Kd4 Kd6 64. Nf4 Nb3+ 65. Kc4 Nc5 66. Kb5 Ne6 67. Ng6 f4 68. Nxf4 Nxf4 69. Kxa5 1/2-1/2

[Event "Winnipeg TNT 2025.08"]
[Site "Winnipeg CAN"]
[Date "2025.08.19"]
[Round "3.9"]
[White "Hatamian, Arad"]
[Black "Movahedipour, Mohammad"]
[Result "1-0"]
[WhiteElo "1770"]
[BlackElo "1749"]
[WhiteFideId "-1"]
[WhiteFideId "-1"]
[PlyCount "81"]
[GameId "2226111150602151"]
[EventDate "2025.08.05"]
[EventType "swiss"]
[EventRounds "4"]
[EventCountry "CAN"]

1. e4 e5 2. Nf3 Nc6 3. Bc4 Nf6 4. d4 exd4 5. O-O d6 6. Nxd4 Nxd4 7. Qxd4 Be7 8. Nc3 O-O 9. Re1 Be6 10. Bg5 Nd7 11. Bf4 Bf6 12. Qd3 Ne5 13. Bxe5 Bxe5 14. Rad1 Qh4 15. g3 Qh5 16. f4 Bf6 17. Bxe6 fxe6 18. Qc4 Qf7 19. Nb5 a6 20. Nd4 e5 21. Ne6 Rfe8 22. f5 Kh8 23. Kh1 g6 24. Rd3 gxf5 25. exf5 Rac8 26. Rb3 c6 27. Qb4 d5 28. Qxb7 Qxb7 29. Rxb7 e4 30. b3 Re7 31. Rb6 a5 32. Ra6 Kg8 33. Re3 c5 34. Rxa5 c4 35. Rxd5 cxb3 36. axb3 Rxc2 37. Rxe4 Ra7 38. Ra4 Rb7 39. Ra8+ Kf7 40. Rd3 Be5 41. Rh8 1-0

[Event "Winnipeg TNT 2025.08"]
[Site "Winnipeg CAN"]
[Date "2025.08.19"]
[Round "3.10"]
[White "Letain, Cory"]
[Black "Ubaka, Michael"]
[Result "1-0"]
[WhiteElo "1743"]
[BlackElo "1704"]
[WhiteFideId "-1"]
[WhiteFideId "-1"]
[PlyCount "91"]
[GameId "2226111150606248"]
[EventDate "2025.08.05"]
[EventType "swiss"]
[EventRounds "4"]
[EventCountry "CAN"]

1. e4 c5 2. Nf3 d6 3. d4 cxd4 4. Nxd4 e5 5. Nb3 Be6 6. Nc3 a6 7. Be3 Ne7 8. Bd3 g6 9. Qd2 Bg7 10. O-O-O O-O 11. Kb1 Nbc6 12. f3 b5 13. g4 b4 14. Ne2 a5 15. h4 a4 16. Nbc1 d5 17. h5 d4 18. Bh6 Qc7 19. Bxg7 Kxg7 20. hxg6 fxg6 21. Qh6+ Kf7 22. Qxh7+ Ke8 23. f4 exf4 24. e5 f3 25. Bxg6+ Bf7 26. Bxf7+ Rxf7 27. Qh8+ Rf8 28. Qh5+ Kd8 29. Nxd4 Nxd4 30. Rxd4+ Kc8 31. Rxb4 f2 32. Qh3 Qxe5 33. g5+ Kc7 34. Rc4+ Kb6 35. Rb4+ Ka5 36. Qa3 Qb5 37. Rxb5+ Kxb5 38. Qxe7 Rae8 39. Qb7+ Ka5 40. Qa7+ Kb5 41. c4+ Kxc4 42. Rh4+ Kd5 43. Qa5+ Ke6 44. Rh6+ Kf7 45. Rf6+ Kg7 46. Qc7+ 1-0

[Event "Winnipeg TNT 2025.08"]
[Site "Winnipeg CAN"]
[Date "2025.08.19"]
[Round "3.13"]
[White "Gao, Yueheng"]
[Black "Pacin, Ondrej"]
[Result "0-1"]
[WhiteElo "1426"]
[BlackElo "1371"]
[WhiteFideId "-1"]
[WhiteFideId "-1"]
[PlyCount "54"]
[GameId "2226111150610347"]
[EventDate "2025.08.05"]
[EventType "swiss"]
[EventRounds "4"]
[EventCountry "CAN"]

1. e4 c6 2. d4 d5 3. exd5 cxd5 4. Nf3 Bg4 5. h3 Bh5 6. c4 e6 7. Nc3 Bb4 8. Qb3 Bxc3+ 9. bxc3 Qc8 10. cxd5 Bxf3 11. gxf3 exd5 12. Bb5+ Nc6 13. Qxd5 Nge7 14. Qe4 O-O 15. d5 Na5 16. Bd2 Nf5 17. Qa4 Qc7 18. c4 Qe5+ 19. Kf1 Qxa1+ 20. Kg2 Nh4+ 21. Kg3 Qxh1 22. Kxh4 b6 23. c5 Qxf3 24. d6 Qxf2+ 25. Kg4 Qxd2 26. Bc6 Nxc6 27. cxb6 Qxd6 0-1

[Event "Winnipeg TNT 2025.08"]
[Site "Winnipeg CAN"]
[Date "2025.08.26"]
[Round "4.1"]
[White "Protsyuk, Svitlana"]
[Black "Punay, Rhailey"]
[Result "1-0"]
[WhiteElo "2055"]
[BlackElo "1915"]
[WhiteFideId "-1"]
[WhiteFideId "-1"]
[PlyCount "129"]
[GameId "2226111150610348"]
[EventDate "2025.08.05"]
[EventType "swiss"]
[EventRounds "4"]
[EventCountry "CAN"]

1. e4 e5 2. Nc3 Nf6 3. g3 d5 4. exd5 Nxd5 5. Bg2 Nxc3 6. bxc3 Nc6 7. Nf3 Bc5 8. Bb2 O-O 9. O-O Bg4 10. h3 Bh5 11. g4 Bg6 12. d4 Bd6 13. Nxe5 Bxe5 14. dxe5 Nxe5 15. Ba3 Re8 16. Bxb7 Rb8 17. Bg2 Qxd1 18. Raxd1 Bxc2 19. Rd4 Rbd8 20. Rc1 Bd3 21. Bc5 a6 22. f4 Rxd4 23. cxd4 Ng6 24. Bc6 Nxf4 25. Bxe8 Ne2+ 26. Kf2 Nxc1 27. a3 Nb3 28. Ba7 Bb5 29. Bxb5 axb5 30. d5 Na5 31. Bb8 c6 32. Bc7 Nb3 33. dxc6 Nd4 34. Ke3 Nxc6 35. Bd6 f6 36. Ke4 Kf7 37. Kd5 Nd8 38. Bb4 Ne6 39. Kc6 Nd4+ 40. Kc5 Nc2 41. Kxb5 g6 42. Bc5 Nxa3+ 43. Bxa3 f5 44. gxf5 gxf5 45. Kc4 Kg6 46. Kd4 Kg5 47. Be7+ Kf4 48. h4 h5 49. Kd3 Kf3 50. Bb4 Kf2 51. Bd2 Kf3 52. Bg5 Kf2 53. Kd2 Kf3 54. Ke1 Kg2 55. Ke2 Kg3 56. Ke3 f4+ 57. Ke2 Kg4 58. Kf2 f3 59. Bd8 Kf4 60. Be7 Kg4 61. Bg5 Kf5 62. Kxf3 Ke5 63. Be3 Kf5 64. Bd4 Kg6 65. Kf4 1-0

[Event "Winnipeg TNT 2025.08"]
[Site "Winnipeg CAN"]
[Date "2025.08.26"]
[Round "4.2"]
[White "Gres, Yakiv"]
[Black "Kowal, Ken"]
[Result "1-0"]
[WhiteElo "2004"]
[BlackElo "1903"]
[WhiteFideId "-1"]
[WhiteFideId "-1"]
[PlyCount "99"]
[GameId "2226111150614445"]
[EventDate "2025.08.05"]
[EventType "swiss"]
[EventRounds "4"]
[EventCountry "CAN"]

1. e4 d6 2. d4 Nf6 3. Nc3 g6 4. Nf3 Bg7 5. Be3 O-O 6. h3 c6 7. Qd2 Re8 8. O-O-O b5 9. Bd3 Nbd7 10. g4 Qa5 11. Kb1 Rb8 12. g5 Nh5 13. h4 c5 14. Nd5 Qxd2 15. Bxd2 cxd4 16. Nc7 Rd8 17. Nxb5 Nc5 18. Nbxd4 Bg4 19. b3 Bxd4 20. Nxd4 Bxd1 21. Rxd1 Rdc8 22. Be3 Nxd3 23. Rxd3 a6 24. a4 Ng7 25. Kb2 Ne6 26. Nxe6 fxe6 27. a5 Rf8 28. c4 Rf3 29. e5 Rd8 30. Rd2 Rff8 31. Bb6 Rd7 32. c5 Rc8 33. exd6 exd6 34. cxd6 Rc6 35. Bc7 Kf7 36. Re2 Rcxc7 37. dxc7 Rxc7 38. Re4 Rc5 39. b4 Rf5 40. f4 Ke7 41. Kc3 Rd5 42. Rd4 Rf5 43. Kc4 Rb5 44. Re4 Rf5 45. Re5 Rxf4+ 46. Kc5 Rf5 47. Rxf5 exf5 48. b5 f4 49. Kd4 Kd6 50. b6 1-0

[Event "Winnipeg TNT 2025.08"]
[Site "Winnipeg CAN"]
[Date "2025.08.26"]
[Round "4.4"]
[White "Wang, Lucas"]
[Black "Hatamian, Arad"]
[Result "1-0"]
[WhiteElo "1859"]
[BlackElo "1770"]
[WhiteFideId "-1"]
[WhiteFideId "-1"]
[PlyCount "37"]
[GameId "2226111150614446"]
[EventDate "2025.08.05"]
[EventType "swiss"]
[EventRounds "4"]
[EventCountry "CAN"]

1. d4 f5 2. Bf4 Nf6 3. e3 b6 4. Nf3 Bb7 5. c4 e6 6. Nc3 Bb4 7. Be2 Ne4 8. Rc1 d6 9. O-O Bxc3 10. bxc3 g5 11. Bg3 h5 12. h3 g4 13. Bh4 Qd7 14. Ng5 Rg8 15. f4 gxf3 16. Bxf3 Na6 17. Nxe4 Bxe4 18. Bxe4 fxe4 19. Qxh5+ 1-0

[Event "Winnipeg TNT 2025.08"]
[Site "Winnipeg CAN"]
[Date "2025.08.26"]
[Round "4.5"]
[White "Zhang, Ian"]
[Black "Atem, James"]
[Result "1-0"]
[WhiteElo "1766"]
[BlackElo "1816"]
[WhiteFideId "-1"]
[WhiteFideId "-1"]
[PlyCount "111"]
[GameId "2226111150618543"]
[EventDate "2025.08.05"]
[EventType "swiss"]
[EventRounds "4"]
[EventCountry "CAN"]

1. e4 g6 2. d4 Bg7 3. Nf3 Nf6 4. Nc3 O-O 5. Bd3 d6 6. O-O Nc6 7. Be3 Ng4 8. h3 Nxe3 9. fxe3 e6 10. Ne2 a5 11. c3 Bd7 12. a3 Ne7 13. Ng3 c6 14. Qd2 a4 15. Rfb1 Qc7 16. Nf1 c5 17. Qe2 Rfc8 18. N1d2 d5 19. e5 c4 20. Bc2 Nf5 21. e4 Ng3 22. Qf2 dxe4 23. Bxe4 Nxe4 24. Nxe4 Bc6 25. Nd6 Rf8 26. Ng5 h6 27. Nge4 Bxe4 28. Nxe4 b5 29. Rf1 Rad8 30. Qh4 Rb8 31. Rf2 Qd8 32. Qg3 Rb7 33. Raf1 Rb8 34. Nd6 Qg5 35. Qxg5 hxg5 36. Rxf7 Bh6 37. g4 Rxf7 38. Rxf7 Bf8 39. Rf6 Bxd6 40. exd6 Rd8 41. Rxg6+ Kf7 42. Rxg5 Rxd6 43. Rxb5 Kf6 44. h4 Rd7 45. h5 Rg7 46. g5+ Rxg5+ 47. Rxg5 Kxg5 48. Kf2 Kxh5 49. Ke3 Kg6 50. Ke4 Kf6 51. d5 e5 52. d6 Ke6 53. d7 Kxd7 54. Kxe5 Kc6 55. Kd4 Kb5 56. Kd5 1-0

[Event "Winnipeg TNT 2025.08"]
[Site "Winnipeg CAN"]
[Date "2025.08.26"]
[Round "4.6"]
[White "Bonness, Will"]
[Black "Curtis, Rory"]
[Result "0-1"]
[WhiteElo "1968"]
[BlackElo "1747"]
[WhiteFideId "-1"]
[WhiteFideId "-1"]
[PlyCount "78"]
[GameId "2226111150618544"]
[EventDate "2025.08.05"]
[EventType "swiss"]
[EventRounds "4"]
[EventCountry "CAN"]

1. e4 e5 2. Nf3 d6 3. d4 exd4 4. Nxd4 Nf6 5. Nc3 Be7 6. Bc4 O-O 7. Bf4 Re8 8. f3 Bf8 9. O-O Nc6 10. Nxc6 bxc6 11. e5 Nh5 12. Qd2 Nxf4 13. Qxf4 d5 14. Bd3 Rb8 15. Rab1 Be6 16. Qa4 c5 17. b3 c6 18. Qf4 Rb4 19. Qg3 c4 20. bxc4 dxc4 21. Be4 Qd4+ 22. Kh1 Qxc3 23. Bxc6 Reb8 24. Rbd1 Qxc2 25. Be4 Qxa2 26. f4 c3 27. f5 Rxe4 28. fxe6 Qxe6 29. Qxc3 Qxe5 30. Qf3 f6 31. Qh3 Bd6 32. Rc1 Re8 33. Qb3+ Qe6 34. Qd3 Re3 35. Qd4 Qe5 36. Qc4+ Qe6 37. Qd4 a5 38. Rcd1 Bb4 39. h3 Re1 0-1